Normal view
MARC view
Entry Topical Term
001 - CONTROL NUMBER
- control field: 26264
003 - CONTROL NUMBER IDENTIFIER
- control field: ARRUPE
005 - DATE AND TIME OF LATEST TRANSACTION
- control field: 20160927113206.0
008 - FIXED-LENGTH DATA ELEMENTS
- fixed length control field: 160927|| aca||aabn | a|a d
040 ## - CATALOGING SOURCE
- Original cataloging agency: ARRUPE
- Transcribing agency: ARRUPE
150 ## - HEADING--TOPICAL TERM
- Topical term or geographic name as entry element: Religion and politics
- Geographic subdivision: Zimbabwe
- Geographic subdivision: Harare.
670 ## - SOURCE DATA FOUND
- Source citation: Work cat.: (ARRUPE)0: Hallencreutz, Carl F. 26262, Religion and politics in Harare, 1890-1980 /, 1999.